| 000 | 01013nam a2200289 a 4500 | ||
|---|---|---|---|
| 001 | 10099 | ||
| 003 | BD-RjUL | ||
| 005 | 20211208234907.0 | ||
| 008 | 140123s1947 njua b 00010 engm | ||
| 035 | _a(BD-RjUL)10146 | ||
| 040 |
_aDLC _cVTU _dVTU _dBOS _dBD-RjUL _beng |
||
| 041 | _aeng | ||
| 082 | 0 | 4 |
_218 _a515.35 _bKRI 1955 |
| 100 | 1 | 0 |
_aKryloff, N _931167 |
| 245 | 1 | 0 |
_aIntroduction to non-linear mechanics / _cN. Kryloff and N. Bogoliuboff. A free translation by Solomon Lefschetz of excerpts from two Russian monographs. |
| 260 |
_aPrinceton : _bPrinceton university press, _c1947 [Printing 1955]. |
||
| 300 |
_a106 p. : _bill., _c23 cm. |
||
| 490 | 1 |
_aAnnals of mathematics studies, _v11. |
|
| 650 | 0 |
_aDifferential equations. _931168 |
|
| 650 | 0 |
_aOscillations. _921041 |
|
| 700 | 1 | 0 |
_aBogoliubov, N. N. _931170 |
| 700 | 1 | 0 |
_aLefschetz, Solomon, _etranslator. _920492 |
| 740 | 0 | _aNon-linear mechanics. | |
| 830 | 0 |
_aAnnals of mathematics studies, _9156170 |
|
| 942 |
_2ddc _cBK |
||
| 999 |
_c10099 _d10099 |
||